Welcome to WEB OPAC of MRSPTU Central Library

Principles of communication engineering (Record no. 7697)

MARC details
000 -LEADER
fixed length control field 00430nam a2200169Ia 4500
008 - FIXED-LENGTH DATA ELEMENTS--GENERAL INFORMATION
fixed length control field 230711s9999||||xx |||||||||||||| ||und||
041 ## - LANGUAGE CODE
Language code of text/sound track or separate title ENG
082 ## - DEWEY DECIMAL CLASSIFICATION NUMBER
Classification number 372.6
Item number SA-C
100 ## - MAIN ENTRY--PERSONAL NAME
Personal name Saini,Hardeep Singh
245 #0 - TITLE STATEMENT
Title Principles of communication engineering
250 ## - EDITION STATEMENT
Edition statement 2nd Ed.
260 ## - PUBLICATION, DISTRIBUTION, ETC.
Date of publication, distribution, etc. 2010
Place of publication, distribution, etc. Jalandhar
Name of publisher, distributor, etc. India Publishing House
300 ## - PHYSICAL DESCRIPTION
Extent 45p.
650 ## - SUBJECT ADDED ENTRY--TOPICAL TERM
Topical term or geographic name entry element COMMUNICATION SKILL
700 ## - ADDED ENTRY--PERSONAL NAME
Personal name Manjit Kaur
942 ## - ADDED ENTRY ELEMENTS (KOHA)
Koha item type Book
Holdings
Withdrawn status Lost status Damaged status Not for loan Collection Home library Current library Date acquired Cost, normal purchase price Total checkouts Full call number Barcode Date last seen Price effective from Koha item type
          MRSPTU Central Library MRSPTU Central Library   150.00   372.6 SA-C PW692 08/17/2023 08/17/2023 Book
          MRSPTU Central Library MRSPTU Central Library   150.00   372.6 SA-C PW693 08/17/2023 08/17/2023 Book
          MRSPTU Central Library MRSPTU Central Library   150.00   372.6 SA-C PW694 08/17/2023 08/17/2023 Book
          MRSPTU Central Library MRSPTU Central Library   150.00   372.6 SA-C PW695 08/17/2023 08/17/2023 Book
          MRSPTU Central Library MRSPTU Central Library   150.00   372.6 SA-C PW696 08/17/2023 08/17/2023 Book
          MRSPTU Central Library MRSPTU Central Library   150.00   372.6 SA-C PW697 08/17/2023 08/17/2023 Book
          MRSPTU Central Library MRSPTU Central Library   150.00   372.6 SA-C PW698 08/17/2023 08/17/2023 Book
          MRSPTU Central Library MRSPTU Central Library   150.00   372.6 SA-C PW699 08/17/2023 08/17/2023 Book
          MRSPTU Central Library MRSPTU Central Library   150.00   372.6 SA-C PW700 08/17/2023 08/17/2023 Book
          MRSPTU Central Library MRSPTU Central Library   150.00   372.6 SA-C PW701 08/17/2023 08/17/2023 Book

Website Designed and Developed by MRSPTU Central Library Team

E-mail Id: librarian@mrsptu.ac.in